000 00549nam a2200217Ia 4500
003 OSt
005 20220924151908.0
006 a|||||r|||| 00| 0
007 ta
008 220923b |||||||| |||| 00| 0 mar d
024 _a339536
037 _cTextual
040 _aARTS
_cARTS
_bmar
041 _2mar
_amar
082 _aO152,3M80x, 155P4
245 0 _aPremchand Yanchya Nivadak Gosthi
260 _c2004
650 _aHINDI LITERATURE
_923866
942 _hO152,3M80x, 155P4
_cTEXL
_2CC
999 _c467978
_d467978